| 000 | 00922nam a22002777a 4500 | ||
|---|---|---|---|
| 999 |
_c15292 _d15292 |
||
| 003 | EG-ScBUE | ||
| 005 | 20210210102608.0 | ||
| 008 | 110516s2009 ua f 000 pp ara d | ||
| 017 | _a2000/5135 | ||
| 020 | _a9770906239 | ||
| 040 |
_aEG-ScBUE _bara _erda _cEG-ScBUE _dEG-ScBUE |
||
| 082 | 0 | 4 |
_a891.5511 _bر ا م _222 |
| 100 | 1 |
_923852 _aرامي، أحمد، _d1892-1981، _eمؤلف. |
|
| 245 | 1 |
_aرباعيات الخيام / _cأحمد رامي. |
|
| 250 | _aالطبعة الثالثة. | ||
| 264 | 1 |
_aالقاهرة، مصر : _bدار الشروق، _c2009. |
|
| 300 |
_a82 صفحة ؛ _c20 سم |
||
| 336 |
_2rdacontent _aنص _btxt |
||
| 337 |
_2rdamedia _aبدون وسيط _bn |
||
| 338 |
_2rdacarrier _aمجلد _bnc |
||
| 650 | 7 |
_922127 _aالشعر العربي _xدواوين وقصائد. _2BUEsh |
|
| 651 | _2BUEsh | ||
| 653 |
_cMay2011 _bARALIT |
||
| 655 |
_vReading book _934232 |
||
| 942 |
_2ddc _cBB |
||